Statistics for Name the U.S.A. presidents 1

Click here to take the quiz!

General Stats

  • This quiz has been taken 24 times
  • The average score is 8 of 10

Answer Stats

Answer% Correct
George Washington
100%
John Adams
90%
John Quincy Adams
90%
Thomas Jefferson
90%
James Madison
86%
Andrew Jackson
81%
Martin Van Buren
81%
James Monroe
76%
John Tyler
62%
William Henry Harrison
62%

Score Distribution

Percentile by Number Answered

Percent of People with Each Score

Your Score History

You have not taken this quiz